00448nam a2200181 a 4500001001300000003000900013005001700022008004100039020001000080082001600090100001700106245002300123260004100146300000900187500003500196650001800231700001700249nice12345678IN_TiNIC20260116011341.0070808s1956 kara grp 000 0 urd  ac10000a297.09bTAH aTaha, Husain aAl-Fitnat-ul-kubra aKarachibIdara-E-Tuloo-E-Islamc1956 a524p aincludes index and biblioraphy aIslam-History1 aTaha, Husain